000 00277nam a2200109Ia 4500
008 200302s9999 xx 000 0 und d
100 _aAuthor
245 _aZaha Hadid Complete Works
260 _bRizzoli International Publications Inc. New York
260 _c2009
300 _a256
999 _c4499
_d4499